| 000 | 00904nam a22002652a 4500 | ||
|---|---|---|---|
| 001 | 5489 | ||
| 003 | BD-RjUL | ||
| 005 | 20211208234056.0 | ||
| 008 | 131226t1960 nyud b 001 0 eng d | ||
| 035 | _a(BD-RjUL)5525 | ||
| 040 |
_aDLC _cWSU _dOCL _dSLU _dEQO _dBD-RjUL _beng |
||
| 041 | _aeng | ||
| 082 | 0 | 4 |
_a335.413 _216 _bMCS 1960 |
| 100 | 1 |
_aMcClosky, Herbert. _917207 |
|
| 245 | 1 | 4 |
_aThe Soviet dictatorship / _cHerbert McClosky [and] John E. Turner |
| 260 |
_aNew York : _bMcGraw-Hill, _c1960 |
||
| 300 |
_axiii, 657 p. : _c24 cm. _bcharts ; |
||
| 490 | 1 | _aMcGraw-Hill series in political science | |
| 504 | _aIncludes bibliographical footnotes and index | ||
| 651 | 0 |
_aSoviet Union _xPolitics and government _y1917-1936 _917208 |
|
| 700 | 1 |
_aTurner, John E. _q(John Elliot), _d1917-2005 _917209 |
|
| 830 | 0 |
_aMcGraw-Hill series in political science _917213 |
|
| 942 |
_2ddc _cBK |
||
| 999 |
_c5489 _d5489 |
||